Cities by Economic Output - Statistics

General Stats
  • This quiz has been taken 46 times
  • The average score is 37 of 50
Answer Stats
Rank Country GDP ($BN) Answer % Correct
1 Japan 1,893 Tokyo
100%
14 China 441 Beijing
97%
2 USA 1,657 New York
97%
4 France 850 Paris
97%
6 South Korea 635 Seoul
97%
13 China 469 Shanghai
97%
9 UK 542 London
94%
3 USA 1,001 Los Angeles
94%
5 USA 651 Chicago
92%
19 India 350 Mumbai
92%
7 Japan 584 Osaka-Kobe
92%
8 Brazil 582 Sao Paulo
92%
10 USA 511 Dallas
89%
12 USA 478 Houston
89%
28 USA 299 Miami
89%
38 Brazil 209 Rio de Janiero
89%
15 USA 412 San Francisco
89%
20 Singapore 349 Singapore
89%
17 USA 382 Boston
86%
23 China 320 Hong Kong
86%
16 USA 391 Philadelphia
86%
27 USA 300 Seattle
86%
26 Australia 302 Sydney
86%
24 India 310 Delhi
83%
25 Canada 303 Toronto
83%
11 USA 509 Washington DC
83%
35 Russia 225 Moscow
81%
39 USA 206 San Diego
81%
29 China 271 Guangzhou
78%
34 Australia 229 Melbourne
75%
31 USA 236 Detroit
72%
22 USA 324 Atlanta
69%
40 USA 187 Denver
64%
18 Japan 368 Nagoya
64%
46 USA 159 Portland
61%
33 USA 235 Minneapolis
58%
30 China 248 Tianjin
58%
49 USA 143 Charlotte
56%
45 China 162 Chengdu
56%
32 China 235 Chongqing
56%
36 USA 215 Phoenix
56%
43 Brazil 164 Brasilia
53%
37 USA 213 San Jose
53%
44 China 163 Wuhan
53%
21 China 338 Shenzhen
50%
42 USA 173 Baltimore
44%
48 USA 149 St Louis
42%
41 Japan 185 Fukuoka
36%
47 China 150 Hangzhou
28%
50 India 138 Pune
19%
No matching quizzes found
Score Distribution
Percent of People with Each Score
Percentile by Number Answered
Your Score History
You have not taken this quiz